Statistics for Russia Border Run Via the Caspian Sea

Click here to take the quiz!

General Stats

  • This quiz has been taken 12 times
  • The average score is 11 of 14

Answer Stats

Countries% Correct
Estonia
100%
Finland
100%
Latvia
100%
Azerbaijan
82%
Belarus
82%
Georgia
82%
Iran
82%
Kazakhstan
82%
Turkmenistan
82%
Ukraine
82%
China
73%
China
64%
Mongolia
64%
North Korea
64%

Score Distribution

Percentile by Number Answered

Percent of People with Each Score

Your Score History

You have not taken this quiz